00392 2200157 4500001002100000005001500021035002000036245004700056100002100103300002600124260002800150082000800178084001400186020002200200990001200222INLIS00000000000294520250917111323 a0010-09250002921 aKau Membuatku Sempurna /cEidelweis Almira0 aEidelweis Almira a196 hlm ;c13 x 19 cm aJakarta :bZettu,c2013 a813 a813 EID k a978-602-7999-37-4 a0755688